[Event "Hoogovens-B"]
[Site "Wijk aan Zee"]
[Date "1999.01.19"]
[Round "1"]
[White "Van der Wiel, John"]
[Black "Brodsky, Michail"]
[Result "1-0"]
[WhiteElo "2529"]
[BlackElo "2530"]
[Annotator "Gofshtein,L"]
[PlyCount "91"]
[EventDate "1999.01.19"]
[EventType "tourn"]
[EventRounds "11"]
[EventCountry "NED"]
[EventCategory "11"]
[SourceTitle "CBM 069"]
[Source "ChessBase"]
[SourceDate "1999.04.01"]
[SourceVersion "1"]
[SourceVersionDate "1999.04.01"]
[SourceQuality "1"]

1. e4 c5 2. Nf3 d6 3. d4 cxd4 4. Nxd4 Nf6 5. Nc3 Nc6 6. Bc4 g6 7. Nxc6 bxc6 8.
e5 Ng4 9. exd6 (9. e6 $5 {It looks very  dangerous for black} f5 (9... Ne5 $2
10. exf7+ Nxf7 11. Bxf7+ Kxf7 12. Qf3+ Kg8 13. Qxc6 $16 {1-0 Belkadi,R-Malagon,
A/Siegen 1970/MCD (47)}) 10. O-O $5 d5 (10... Bg7 11. Bf4 Ne5 12. Bb3 O-O 13.
Qd2 Rb8 (13... Ba6 14. Rfe1 $16 {1-0 Riemersma,L-Wilsbeck,J/Gausdal 1993/TD 
(34)}) 14. Rad1 c5 15. Rfe1 Ba6 16. Nd5 c4 17. Ba4 Bb5 18. Bxb5 Rxb5 19. Bxe5
dxe5 20. Nf6+ $16 {1-0 Jimenez Zerquera,E-Idrovo,F/Tucuman 1971/EXT 99 (40)})
11. Nxd5 Bxe6 12. Nf6+ Nxf6 13. Bxe6 Qxd1 14. Rxd1 $16 {1-0 Weigel,H-Steiner,B/
Mittelfranken 1985/MCD (24)}) (9. Bf4 $5 Qb6 (9... d5 $2 10. Nxd5 cxd5 11. Qxd5
Qxd5 12. Bxd5 Rb8 13. h3 Nh6 14. Bc6+ Kd8 15. e6 $18 {1-0 Rezan,S-Kuraja,I/
Pula 1996/EXT 99 (17)}) 10. Qf3 Bf5 (10... dxe5 $6 11. Bxf7+ Kd8 12. Rd1+ Kc7
13. Bg5 $36 {1/2-1/2 Kucera,T-Hadac,P/Klatovy 1997/EXT 98 (58)}) 11. exd6 exd6
12. O-O $36 {1-0 Rubinstein,J-Humerez,C/Mar del Plata 1962/EXT 99 (32)}) 9...
Qxd6 (9... exd6 10. O-O d5 $2 (10... Ne5 11. Bb3 Bg7 12. h3 Ba6 13. Re1 $14 {
1-0 De Wachter,S-Hautot,S/Leuven 1998/EXT 99 (27)}) (10... Be7 11. Be2 $14 {
1-0 Jicman,L-Munteanu,M/ROM-chT 1995/EXT 99 (34)}) 11. Nxd5 $1 cxd5 12. Bb5+
Bd7 13. Re1+ Be7 14. Qxg4 Bxb5 15. Bg5 Bd7 16. Qd4 Be6 17. Qxh8+ Kd7 18. Qxd8+
Rxd8 19. Bxe7 $18 {1-0 Moehring,G-Weissmann,A/Tel Aviv 1964/EXT 99 (31)}) 10.
Be2 $5 $146 {white  prefer  technical  way, without        improvement  pawn 
structure of black} (10. Qxd6 exd6 11. O-O Be6 $5 (11... d5 12. Bb3 Bg7 $6 13.
Ba4 Bd7 14. Re1+ $16 {1-0 Kanyadi,Z-Makai,I/Kobanya 1993/EXT 98 (68)}) 12. Bb3
d5 (12... Be7 13. h3 Nf6 14. Bh6 Kd7 15. Rfe1 Rhb8 16. Rad1 Rb4 $132 {1/2-1/2
Bivshev,V-Polugaevsky,L/Leningrad 1956/URS-ch (74)}) 13. h3 Ne5 14. Be3 $14 {
1-0 Popovic,P-Jirovsky,M/Brno 1991/CBM 26 (73)}) (10. Qe2 Bg7 11. Ne4 (11. h3
Ne5 12. Bb3 a5 13. Bd2 Ba6 14. Qe4 O-O 15. O-O-O $36 {1-0 Boleslavsky,
I-Kortschnoj,V/Riga 1955/EXT 99 (21)}) 11... Qc7 12. h3 Ne5 $132 {0-1
Blackburne,J-Paulsen,L/Wien 1882/EXT 99 (57)}) 10... Qxd1+ (10... Nf6 11. O-O
Bg7 12. Qxd6 exd6 13. Bf4 $36) 11. Nxd1 $5 {with the idea  after  b2-b3 to
exchange  bishops} Be6 $6 {Letting white white to force exchange of  bishops.
It was better,of  course,11... Bg7 forcing white to lose  tempo  for 12.Rb1}
12. b3 Bg7 13. Bb2 O-O 14. Bxg7 Kxg7 15. Bxg4 $5 {Good  decision.Knight is
much  better  than  bishop in this position.} Bxg4 16. Ne3 $16 Be6 17. O-O-O g5
$5 {Black  tries to start counterplay on the kingside.} 18. h4 f6 $6 {now
Black founds himself in serious trouble. better was 18...h6 keep intact pawn 
structure} (18... h6 $5 19. hxg5 hxg5 20. Rh5 f6 21. Rdh1 Rg8) 19. Rd4 $5 {
[%cal Gd4a4,Gd4e4] White transfers the rook to more active place.} Rad8 20. Re4
Rd6 21. Rd1 Rxd1+ 22. Kxd1 Rd8+ 23. Ke2 Kf7 24. hxg5 fxg5 25. Ra4 Rd7 26. Ra6
$1 {White forces black to put his rook on defense ,and king of white could be
improve.} Rc7 27. Kd3 h5 28. Ke4 h4 (28... Kf6 29. b4 h4 30. f3 Bc8 $2 31. Nd5+
$18) 29. Ke5 Bc8 30. Ra4 c5 31. f4 $1 {white  breaks pawn structure of black,
and    gets a big advantage} Bd7 (31... g4 32. f5 $18) 32. Re4 Bc6 33. Rc4 Bb5
34. Re4 Bc6 35. Rc4 Bb5 36. Rc3 gxf4 37. Kxf4 Ke6 38. Nf5 a6 39. Re3+ Kf6 40.
Nxh4 Rd7 41. Nf3 Bc6 42. Re5 Bxf3 43. gxf3 c4 $2 (43... Rd4+ 44. Re4 Rd2 45.
Rc4 Rd5) 44. Ra5 $18 e6 45. Rxa6 Rd2 46. c3 1-0

[Event "Kramatorsk"]
[Site "Kramatorsk"]
[Date "2003.08.01"]
[Round "6"]
[White "Kuzmin, Gennadi P"]
[Black "Andreev, Eduard"]
[Result "1-0"]
[WhiteElo "2516"]
[BlackElo "2490"]
[Annotator "Gofshtein,L"]
[PlyCount "119"]
[EventDate "2003.07.29"]
[EventType "tourn"]
[EventRounds "14"]
[EventCountry "UKR"]
[EventCategory "10"]
[SourceTitle "CBM 097"]
[Source "ChessBase"]
[SourceDate "2003.11.11"]
[SourceVersion "1"]
[SourceVersionDate "2003.11.11"]
[SourceQuality "1"]

1. e4 {[%mdl 4]} c5 2. Nf3 d6 3. d4 cxd4 4. Nxd4 Nf6 5. Nc3 Nc6 6. Bc4 Qb6 7.
Nxc6 bxc6 8. O-O g6 $5 {As the game given below shows, another line 8...e6
looks more dangerous} (8... e6 9. Qe2 Nd7 10. b3 Be7 11. Bb2 O-O 12. Na4 Qc7
13. f4 Bb7 14. Rad1 Rae8 15. Rd3 c5 16. Bb5 Bc6 17. Bxc6 Qxc6 18. c4 $16 {
1-0 Topalov,V-Kramnik,V/Novgorod 1996/CBM 54 (34)}) 9. Qe2 {White's idea is to
prepare e4-e5, other moves are also possible but they don't promise anything
to white} (9. Be3 Qc7 (9... Qxb2 $2 10. Bd4 e5 11. Rb1 Qa3 12. Rb3 Qa5 13. Be3
$36) 10. f4 Bg7 11. Bd4 O-O 12. Kh1 e5 13. fxe5 dxe5 14. Bc5 Re8 15. Qf3 $14 {
Todorovich-Leskur,Vrnjachka Banja,1996}) (9. h3 Bg7 10. Re1 O-O 11. Bb3 Bb7 12.
e5 dxe5 13. Rxe5 e6 14. Re1 c5 $15 {Martinez,S -Spragett,K 1993}) (9. Bb3 Bg7
10. Bf4 Nd7 11. Bg5 a5 12. Qf3 Ne5 13. Qg3 Ba6 14. Rfe1 Qc7 15. Rad1 $14 {
Prie-Tukmakov,France 1991}) (9. e5 dxe5 10. Qe2 Qd4 $5 11. Be3 Qd6 12. Rad1 Qc7
13. f4 Bg4 14. Qf2 e4 $1 $132 (14... Bxd1 $2 15. fxe5 Qxe5 16. Bd4 Qd6 17. Bxf6
Qxf6 18. Qc5 $18)) 9... Ng4 $5 {A strong move solving black's problem. Besides
other moves have also been met in practice: 9...Bg7, 9...Nd7, 9...Bg4. As the
following games show 9...Nd7 deserves attention, but 9...Bg4 and 9...Bg7 give
white strong initiative} (9... Bg7 $6 10. e5 dxe5 11. Qxe5 Nh5 (11... O-O 12.
Qxe7 Qd4 13. Bb3 Be6 14. Be3 Qh4 15. Bxe6 Rae8 16. Qxa7 Rxe6 17. h3 $16 {
1-0 Dervishi,E-Ricardi,P/Elista RUS 1998 (37)}) 12. Qe2 Qc7 13. Re1 e6 14. Qf3
O-O {[%csl Rc6,Rc8,Rh5]} 15. Ne4 Qa5 16. Bg5 Qf5 17. Qe3 $16 {1-0 Dervishi,
E-Makarov,M/Elista RUS 1998 (74)}) (9... Nd7 $5 10. Be3 Qxb2 11. Bd4 e5 12.
Rab1 Qa3 13. Rb3 Qa5 14. Be3 Be7 15. Bd2 Qc7 16. Bh6 Nb6 17. Bd3 Be6 18. Rbb1
Nd7 $17 {All-Spragett,1986 Dubai}) (9... Bg4 $6 10. Qe1 (10. Qd3 Bg7 11. Be3
Qxb2 12. Rab1 Qa3 13. Rb7 Qa5 14. e5 dxe5 15. Ne4 O-O $17 {Rigo-Finegold ,New
York 1993}) 10... Qc5 11. b3 Bg7 12. Na4 Qh5 13. Bb2 Be6 14. Bxe6 fxe6 15. e5
Ng4 16. h3 Bxe5 17. Bxe5 Nxe5 18. f4 $16 {Madl-Varga,1997 Budapest}) 10. Kh1 {
10.h3 is a more common move. After 10...Ne5 black has good perspectives as the
tournament practice shows. Also in case of 10.b3 or 10.Be3 black has
counter-chances.} (10. h3 Ne5 11. Bb3 (11. Be3 Qxb2 12. Bd4 Qb4 $1 13. f4 (13.
Rfb1 Qxc4 14. Qxc4 Nxc4 15. Bxh8 f6 16. Rb4 (16. f4 Kf7 17. Rb4 Nb6 $17) 16...
Ne5 17. Rab1 Kd8 $17) 13... Qxc4 14. Qxc4 Nxc4 15. Bxh8 f6 16. e5 Kf7 17. exf6
exf6 18. g4 d5 $17) 11... Bg7 12. Be3 Qc7 (12... Qa6 {0-1 Dervishi,E-Tyomkin,D/
Verona 2000/CBM}) (12... Qa5 $5 13. f4 $140 (13. Rfd1 Ba6 14. Qd2 Nc4 15. Bxc4
Bxc4 16. Bh6 $14) 13... Ba6 14. Qf2 Nc4 (14... Bxf1 $2 15. fxe5 {[%csl Rf7] xf7
})) (12... Ba6 $5 13. Qd2 Qb7 $11 (13... Qc7 14. Rfe1 O-O 15. Bh6 $14)) 13. f4
Nd7 $14) (10. Be3 $5 Nxe3 11. fxe3 {[%csl Rf7]} f6 $1 {[%cal Gf8h6] black will
not castle in close future, buthis position looks safe.}) (10. b3 Bg7 11. Bb2
Qa5 $5 $132 {1/2-1/2 Giaccio,A-Zarnicki,P/Villa Gisell 1998/CBM 64/[Gofshtein,
L] (29)}) 10... Bg7 11. f4 O-O $5 {A natural move, leading to a fine game. The
pseudo-active 11...Bd4 led to difficulties} (11... Bd4 $6 12. Nd1 f5 13. c3 Bg7
14. exf5 gxf5 15. Be6 {1-0 Lima,P-Santos,M/Lisbon 2002/CBM 89 ext (31)}) 12. h3
{12.Bd3 deserves serious attention as it was in the game De Vreugt.D-Gershon
2000. In this case 12...Rb8 (Gershon's recomendation) leads to counterplay for
black.} (12. Bd3 {0-1 De Vreugt,D-Gershon,A/Tel Aviv 2000/CBM 77/[Gershon] (46)
}) 12... Nf6 13. e5 Nd7 $146 {13...de leads to an unclear position. After 13...
Nd7 black is ready to sacrifice a pawn and gets compensation for it.} (13...
dxe5 $5 14. fxe5 Nh5 {[%csl Gg3]} 15. Rf3 (15. Qf3 Be6 $1 $17 (15... Bxe5 16.
Bxf7+ Kg7 $17)) 15... Qd4 $1 16. g4 Bxg4 17. hxg4 Qxg4 18. Ne4 Bxe5 $17 19. c3
Qh4+ 20. Kg1 Qg4+ 21. Kf1 Qh4 $13) 14. Be3 $6 {White doesn't take the chance
to grab a pawn by 14.e6 and sacrifices a pawn by himself. If black receives
the challenge then the better development of white and his more active pieces
gave him some compensation} (14. e6 fxe6 15. Qxe6+ Kh8 16. Qxe7 d5 17. Bd3 Bf6
(17... Nf6) 18. Qe2 Nc5 $44) 14... Qc7 {Still, 14...Qb2 deserced attention.
It's not easy to find clear compensation for white after this.} (14... Qxb2 $5
15. Bd4 (15. Qd3 dxe5) 15... Qa3) 15. e6 (15. Rae1 $5 Nb6 (15... dxe5 16. fxe5
Qxe5 17. Qf3 $44) 16. exd6 exd6 17. Bd3) 15... fxe6 16. Bxe6+ Kh8 17. Ne4 Nf6
18. Ng5 Ne4 $5 {With this strong move black tackles white's threats and gets
good counterplay} 19. Nxe4 Bxe6 $15 {Black has gone out of the opening and he
can freely look into the future} 20. c3 c5 21. Ng5 Bg8 22. Bd2 Qd7 (22... e5 $5
) 23. Rae1 e5 24. fxe5 Bxe5 25. Qd3 {With the threat to win a piece by 26.Rf8
Rf8 27.Re5} Bg7 $6 {Too passive. The active 25...Qa4 gave black the chance to
take over the initiative} (25... Qa4 $5 26. Be3 (26. a3 Qb3) 26... Qh4 $36) 26.
a3 c4 27. Qg3 Qb5 28. Bc1 Qd5 29. Bf4 Rad8 30. Ne4 Qd3 $2 {After this
unfortunate move, the initiative goes to white. It was nessecary to play 30...
Qc6 with counterplay} (30... Qc6 31. Ng5 (31. Bg5 Rxf1+ 32. Rxf1 Rd7 33. Nf6
Rf7 $132) 31... Qb5 $132) 31. Rf3 Qc2 $6 {Another dubious move, black takes
his queen away from the center. He could admit his earlier mistake and retreat
with the queen} (31... Qd5 32. Rfe3 Be5 33. Bxe5+ $14) 32. Nxd6 Bd5 (32... Qxb2
33. Rfe3 $36) 33. Rf2 Qd3 34. Re3 Qd1+ 35. Kh2 Qh5 {The strong position of the
knight and a possibility of exchanging the dark-squared bishops gives white
strong initiative} 36. Be5 $1 Rxf2 37. Bxg7+ Kxg7 38. Qxf2 Qg5 39. Re8 $5 {
Black is forced to go to a lost queen endgame with two pawn down} Rxe8 40.
Nxe8+ Kg8 (40... Kh6 41. Qf8+ Kh5 42. Ng7+ $18) 41. Nf6+ Kg7 42. Nxd5 Qxd5 43.
Qxa7+ Kg8 44. Qb8+ Kg7 45. a4 {White's plan is simple: he pushes his passed
pawn forward, his queen is placed on a important diagonal h2-b8 and it's
difficult for black to receive any counterplay} h5 46. Qc7+ Kh6 47. Qf4+ g5 48.
Qd4 $1 {Offering the exchange of queens white pushes black's queen off the
center} Qc6 49. Qe5 Qxa4 50. Qf6+ Kh7 51. Qxg5 Qd1 52. Qe7+ Kh6 53. Qe3+ Kh7
54. Qe4+ Kh6 55. Qc6+ Kg5 56. Qxc4 $18 {White is totally winning already} Qd6+
57. Kg1 Qb6+ 58. Qd4 Qxb2 59. Qe5+ Kh4 $2 {Big mistake, but also in case of 59.
..Kg6, white's victory is only a matter of time} (59... Kg6 60. Kh2 $18) 60.
Qf4# 1-0

[Event "YUG-ch 55th"]
[Site "Subotica"]
[Date "2000.03.26"]
[Round "9"]
[White "Todorovic, Goran M"]
[Black "Ivanisevic, Ivan"]
[Result "0-1"]
[WhiteElo "2426"]
[BlackElo "2460"]
[Annotator "Gofshtein,L"]
[PlyCount "118"]
[EventDate "2000.03.16"]
[EventType "tourn"]
[EventRounds "15"]
[EventCountry "YUG"]
[EventCategory "10"]
[SourceTitle "CBM 076"]
[Source "ChessBase"]
[SourceDate "2000.05.31"]
[SourceVersion "1"]
[SourceVersionDate "2000.05.31"]
[SourceQuality "1"]

{[%mdl 32]} 1. e4 c5 2. Nf3 d6 3. d4 cxd4 4. Nxd4 Nf6 5. Nc3 Nc6 6. Bc4 Bd7 7.
O-O g6 8. Nxc6 Bxc6 9. Bg5 Bg7 10. Nd5 Bxd5 11. exd5 O-O 12. Re1 a6 ({In
another continuations black receive worse but reliable position:} 12... Qd7 13.
Qd2 (13. a4 Rfc8 14. Bb3 Qf5 15. Bh4 Rc7 16. c3 $14 {1/2-1/2 Yanovsky,
S-Makarichev,S/Pavlodar 1987 (54)}) (13. Qd3 Rfc8 14. Bb3 b5 15. c3 a5 16. a3
h6 17. Bd2 Rc7 18. h3 $14 {1/2-1/2 Korbut,E-Matnadze,A/Litohoto GRE 1999 (41)})
13... Rfc8 14. Bb3 Qf5 15. f3 Rc7 16. c3 b5 17. Re2 Qc8 18. Rae1 Qf8 $14 {
1-0 Dueball,J-Calvo Minguez,R/BL 1984 (46)}) (12... h6 13. Bh4 a6 14. a4 Re8
15. c3 Nd7 16. Bb3 Bf6 17. Bxf6 exf6 (17... Nxf6 18. Qd2 Kg7 19. a5 $14) 18.
Qd4 $14 {1/2-1/2 Mortensen,E-Larsen,B/DEN-ch 1994/ (54)}) (12... Rc8 13. Bb3
Rc7 (13... Qd7 14. c3 (14. Qf3 h6 15. Bh4 g5 16. Bg3 Rc7 17. c3 b5 18. Qd3 Rfc8
19. f4 $14 {1-0 Dueball,J-Ueter,H/BL 1981 (47)}) 14... Rc7 15. h3 Rfc8 16. Qd3
Kf8 17. Rad1 $14 {1/2-1/2 Razuvaev,Y-Makarichev,S/Tbilisi 1973 (30)}) 14. Qd2
Qd7 15. Re2 Rb8 (15... Re8 16. Rae1 b6 17. c3 $14 {1-0 Hardicsay,P-Gyorkos,L/
HUN tt Torekves-Csuti SK 1991 (34)}) 16. a4 Qd8 17. h3 Qf8 18. Rae1 $14 {
1/2-1/2 Tseitlin,M-Stein,L/Riga 1970/Inf 11 (46)}) 13. Bb3 (13. Qd2 Re8 14. Re2
Nd7 (14... b5 15. Bb3 Nd7 16. c3 a5 17. Rae1 a4 18. Bc2 Ne5 19. a3 Qd7 20. h3
Nc4 21. Qc1 $14 {0-1 Medina Garcia,A-Olafsson,F/Las Palmas 1978 (81)}) 15. c3
Bf6 16. Bf4 $14 (16. Bb3 Bxg5 17. Qxg5 e5 $1 $11 {1/2-1/2 Renter,R-Tal Mihail/
Tournament Vilnius Lithuania 1955 (58)})) (13. c3 Re8 14. a4 Qc8 (14... Nd7 15.
Qd2 Bf6 16. h4 Rc8 17. Bf1 Bxg5 18. hxg5 Nc5 19. Ra3 e5 20. b4 (20. dxe6 Nxe6 {
[%csl Rg5]} 21. f4 Qb6+ $11) 20... Nd7 21. a5 $14 {1/2-1/2 Howell,
J-Tischbierek,R/Liechtenstein ,EXT 1995 (36)}) 15. Bb3 Qf5 16. Bh4 Rac8 17. a5
(17. Bxf6 $11 {1/2-1/2 Giorgadze,T-Zurakhov,V/Tbilisi ch URS 1956 (22)}) 17...
Rc5 18. Ba4 Rec8 19. Bc2 Qd7 20. Bb3 $14) 13... h6 14. Bh4 Re8 15. c3 $14 Nd7 (
15... Rc8 16. h3 $14 (16. Qf3 $14)) 16. Bc2 Bf6 17. Bxf6 (17. Bg3 Be5 18. f4
$14) 17... exf6 (17... Nxf6 18. Qd2 Kg7 19. Rad1 $14) 18. Qd2 Rxe1+ 19. Rxe1
Kg7 20. Qf4 Ne5 21. Qd4 Rc8 22. Bb3 Qc7 23. f4 Nd7 (23... Nc4 24. Re2 Qc5 25.
Qxc5 Rxc5 26. Bxc4 Rxc4 27. Re7 $14) 24. Re3 (24. Re7 Kf8 25. Re3 $14) 24... b5
25. h3 a5 26. Kh2 (26. a3 $14) 26... Qc5 27. Qxc5 (27. Qd3 a4 28. Bd1 Nb6 29.
Bf3 b4 $11) 27... Rxc5 28. a3 f5 29. Kg3 Kf8 30. Kf3 h5 31. Re2 $6 $11 ({
White lose the last possibility to play} 31. h4 $1 Nf6 32. Rd3 a4 33. Ba2 Ne4
34. Ke3 Ke7 35. Kd4 Kd7 36. Re3 $14 {[%cal Gc3c4]}) 31... Nf6 (31... h4 $11)
32. Rd2 Ne4 (32... h4 $11) 33. Rd3 Rc8 (33... h4 $11) 34. Bd1 (34. h4 $2 Nc5
$19) 34... h4 $1 35. Be2 Rc5 36. Rd4 Ke7 37. Ke3 Nf6 38. Bf3 Kd7 39. Rd3 Rc8
40. Rd2 Kc7 41. Kd4 (41. Rd4 $11) 41... Kb6 42. Re2 (42. b3 a4 43. bxa4 Rc4+
$17) 42... Rc4+ 43. Kd3 $4 $19 (43. Ke3 Kc5 (43... a4 44. Rd2 $11) 44. b4+ axb4
45. axb4+ Kb6 46. Rc2 $11) 43... Rxf4 $1 44. Re7 Ng4 $3 {[%mdl 512] Fantastic
sacrifice!} (44... Rc4 $2 45. Rxf7 Ne4 46. Rg7 Kc5 47. Rxg6 Kxd5 $14) 45. hxg4
$8 fxg4 46. Bd1 $8 (46. Be2 g3 47. Rd7 h3 48. Rxd6+ Kc7 49. Rc6+ Kb7 $19) 46...
g3 $1 47. Re1 $8 (47. Re2 g5 48. b4 g4 49. Re1 h3 50. Be2 f5 51. Rh1 Rf2 52.
gxh3 g2 $19) (47. Rd7 h3 48. Rxd6+ Kc7 49. Rc6+ Kb7 $19) 47... Rf2 48. Bg4 {
Anyway White position is lost} (48. Rg1 Rxb2 49. a4 bxa4 50. Bxa4 Kc5 (50... g5
51. Bd7 Kc7 (51... Kc5 52. Ra1 Kb6 (52... Rxg2 53. Rb1 $1 $18)) 52. Bh3 Rf2 53.
Bg4 f5 54. Bd1 g4 55. c4 h3 56. gxh3 gxh3 57. Rxg3 h2 58. Rh3 Rf1 59. Rxh2
Rxd1+ $17) 51. Be8 g5 52. Bxf7 a4 53. Bh5 (53. Ra1 Rxg2 54. Rxa4 h3 55. Rc4+
Kb6 56. Rb4+ Ka5 $19) 53... a3 54. Bf3 a2 55. Ra1 h3 56. gxh3 g2 {[%cal Gb2b1]}
57. Bxg2 Rxg2 $19) 48... Rxg2 49. b4 f5 {Black pawn army sweeps away all on
the way.} 50. Rh1 Rf2 (50... fxg4 51. Rxh4 Rg1 52. Rxg4 g2 53. Ke3 a4 54. Rxg6
Rc1 55. Kf2 Rxc3 56. Rxd6+ Kc7 57. Rc6+ (57. Rh6 Rxa3 58. Kxg2 Rb3 $19) 57...
Rxc6 58. dxc6 Kxc6 59. Kxg2 Kd5 60. Kf3 Kc4 $19) 51. Bh3 g5 52. Ke3 f4+ 53. Kd3
f3 54. Ke3 Rh2 55. Rf1 g2 56. Bxg2 fxg2 57. Rg1 h3 58. Kf3 Rh1 59. Kf2 g4 0-1

[Event "Mermaid Beach Club"]
[Site "Bermuda"]
[Date "1999.01.25"]
[Round "5"]
[White "Arizmendi Martinez, Julen Luis"]
[Black "Waitzkin, Joshua"]
[Result "1-0"]
[WhiteElo "2472"]
[BlackElo "2467"]
[Annotator "Gofshtein,L"]
[PlyCount "55"]
[EventDate "1999.01.21"]
[EventType "tourn"]
[EventRounds "13"]
[EventCountry "BER"]
[EventCategory "9"]
[SourceTitle "CBM 069"]
[Source "ChessBase"]
[SourceDate "1999.04.01"]
[SourceVersion "1"]
[SourceVersionDate "1999.04.01"]
[SourceQuality "1"]

1. e4 c5 2. Nf3 d6 3. d4 Nf6 4. Nc3 cxd4 5. Nxd4 Nc6 6. Bc4 Qb6 7. Nxc6 bxc6 8.
O-O g6 9. Be3 Qxb2 {this line  has a bad reputation, black  shows  in this 
game intresting  novelty.} (9... Qc7 $142 $5 10. f4 (10. h3 Bg7 11. f4 (11. Qd2
O-O 12. Bh6 Rb8 13. Bxg7 Kxg7 14. Rad1 Qa5 15. Rfe1 Be6 16. Bxe6 fxe6 17. b3 e5
18. Na4 Qxd2 $11 {1/2-1/2 Nemec,P-Bielczyk,J/CSR 1992/TD (26)}) 11... O-O 12.
Bb3 Bb7 13. Qe2 c5 14. Bf2 e6 15. Rad1 Rad8 16. Bh4 $16 {1/2-1/2 Schmid,
H-Freise,H/Voelklingen 1970/EXT 99 (30)}) (10. Qe2 Bg7 11. f4 O-O 12. Bd4 e5
13. Be3 Ng4 14. f5 gxf5 15. exf5 Nxe3 16. Qxe3 Qb6 17. Rae1 d5 $17 {0-1 Kosten,
A-Strauss,D/Brighton 1984/EXT 99 (53)}) 10... Bg7 11. Bd4 O-O 12. Kh1 e5 13.
fxe5 dxe5 14. Bc5 Re8 15. Qf3 Be6 $14 {Todorovic-Leskur,Vrnjacka Banja,1996}
16. Bxe6) (9... Qa5 10. f4 Bg7 11. h3 O-O 12. Bb3 Bb7 13. Qe1 $16 {
Hendriks-Van Doel Jul,1994}) 10. Bd4 $1 {[%csl Rb2][%cal Rd4b2]} (10. Qd2 $6
Qb4 11. Qd4 Qa5 12. Rab1 Bg7 13. Nd5 Bd7 14. Qxa7 Qxa7 15. Nxf6+ exf6 {0-1
Coleman,D-Groenn,A/Gausdal 1991/TD (15)}) 10... e5 {10...Qb7 is possible too,
and black  has    chances  to defend his position} (10... Qb4 $2 {The last
mistake.} 11. Bxf6 exf6 12. Qd4 $1 Ke7 (12... Be6 13. Nd5 $1 Qc5 14. Nc7+ Kd7
15. Bxe6+ Kxc7 16. Qxf6 $18 {Delanoy-Nicevski,Aoste 1989}) 13. Rab1 Qc5 14.
Nd5+ $1 {Forcing a winning position:} cxd5 15. Qxc5 dxc5 16. Bxd5 Ba6 $8 17.
Bxa8 Bxf1 18. Kxf1 f5 19. exf5 (19. Rb7+ Kf6 20. Rxa7 fxe4 21. c4 Ke5 22. Rxf7
$16 {Bosh Jer-Kharlov,A Leewarden 1993}) 19... Bg7 20. Rb7+ Kd6 (20... Kf6 21.
Rxa7 gxf5 22. a4 $18) 21. Rxa7 gxf5 22. Bf3 $18 Rf8 23. a4 Bc3 24. g3 f4 25.
gxf4 Bd2 26. a5 {1-0 Morovic Fernandez,I-Ricardi,P/Buenos Aires 1997/CBM 60/
[Gofshtein,L] (26)}) (10... Qb7 $5 11. e5 dxe5 12. Bxe5 Bg7 13. Rb1 Qd7 14.
Qxd7+ Bxd7 15. Rb7 Bf5 16. Rfb1 {1/2-1/2 Musil,V-Manik,M/Prievidza 1998/EXT 99
(16)}) 11. Rb1 Qa3 12. Rb3 Qa5 13. Be3 Qc7 $5 $146 {a new attempt to
rehabilitate this variation,does not lead to  success because of mistake of 
black later on} (13... Be7 14. Bg5 Qc5 15. Bxf6 Bxf6 16. Qf3 Qxc4 (16... Ke7
17. Bd5 Bd7 18. Rb7 Rac8 19. Bxf7 $16) 17. Qxf6 O-O 18. Qxd6 Be6 19. Rfb1 $16 {
Berkovich-Petrienko,USSR 1980}) 14. Bg5 Bg7 15. Bxf6 Bxf6 16. Qf3 Ke7 $2 {
decisive mistake, black had  two  good possibilities for  defence: 16...Bg7,
and 16...Qd8,but  did not use them} (16... Bg7 $1 17. Nd5 $1 cxd5 (17... Qd7
18. Nf6+ Bxf6 19. Qxf6 O-O 20. Rd1 $16) (17... Qd8 18. Nb6 d5 19. Nxa8 dxc4 20.
Rb8) 18. Bxd5 Be6 $1 (18... Rb8 $2 19. Rxb8 Qxb8 20. Qxf7+ $18) 19. Bxa8 (19.
Rb7 $2 Qc8 20. Rxf7 Bxd5 21. exd5 Rf8 $19) 19... Bxb3 20. cxb3 O-O 21. Bd5 $14)
(16... Qe7 $2 17. Bd5 $1 (17. Nd5 cxd5 18. Bxd5 Be6) 17... Bd7 18. Rb7 Rc8 19.
Bxc6 Rxc6 20. Nd5 $18) (16... Qd8 $5 17. Nd5 $1 cxd5 18. Bxd5 Be6 $1 19. Bxa8
Bxb3 20. Bc6+ $14) 17. Rfb1 h5 {it is  difficult for black  get rid of white's
pressure} (17... Qd8 18. Bd5 $1 Bd7 (18... cxd5 19. Nxd5+ Ke6 20. Qg4#) 19. Rb7
Ke8 (19... Rc8 20. Bxc6 Rxc6 21. Nd5+ $40) (19... Qc8 20. Bxc6 Qxc6 21. Nd5+
$18) 20. Rxd7 Kxd7 (20... Qxd7 21. Qxf6 $18) 21. Rb7+ Ke8 (21... Kc8 22. Bxc6
$18) 22. Bxc6+ Kf8 23. Rd7 $18) 18. Bd5 $1 Bg4 (18... Bd7 19. Rb7 Qc8 20. Bxc6
$18) 19. Rb7 $1 $18 Bxf3 20. Rxc7+ Kd8 21. Rxc6 Bg4 22. Rxd6+ Ke7 23. Ra6 Rac8
(23... Rab8 24. Rxa7+) 24. Rb7+ Kd8 25. Rd6+ Ke8 26. Bc6+ Kf8 27. Rxf6 Be6 28.
Bd5 1-0